000
00215nam a22000857a 4500
008
160630b xxu||||| |||| 00| 0 eng d
100
_9
1620
_a
Kapoor, S.K
245
_a
Vedic Mathematics
260
_a
New Delhi
_b
Lotus Press
999
_c
1346
_d
1346